000 00599nam a22001817a 4500
005 20231114063616.0
008 231114b |||||||| |||| 00| 0 eng d
020 _a9780702120367
041 _aEnglish
082 _a345 SOU
100 _aMilton, JRL ; Cowling, MG and Hoctor, SV
_lEnglish
245 _aSouth African Criminal Law and Procedure /
_cJRL Milton, MG Cowling and SV Hoctor
250 _aSecond Edition
260 _aCape Town :
_bJuta and Company Ltd,
_c1998
300 _bx, 94 pages ;
_c27 cm.
650 _aLegal practice
_bLaw
942 _cBK
_6ALISON_BN_VRIES
999 _c595
_d595